| 000 | 00686cam a22002172 4500 | ||
|---|---|---|---|
| 001 | 0000001757 | ||
| 005 | 20151021151053.0 | ||
| 008 | 070326s xx 000 0 eng d | ||
| 020 |
_a8120314263 : _cKES 575 |
||
| 040 |
_aKABU _cKABU |
||
| 050 | 0 |
_aHD31 _b.R631 2000 |
|
| 100 | 1 |
_aRobbins, Stephen P. _@0000150759 |
|
| 245 | 1 | 0 |
_aOrganization theory : _bstructure, design, and applications / _cStephen P. Robbins. |
| 250 | _a3rd ed. | ||
| 260 |
_aNew Delhi : _bPrentice-Hall of India, _c2000. |
||
| 300 |
_axxiii, 552 p. : _bill. ; _c22 cm. |
||
| 650 | 0 |
_aOrganization. _@0000148288 |
|
| 908 | _a070326 | ||
| 950 | _@1 | ||
| 999 |
_c355 _d355 |
||